| 000 | 01016nam a2200301Ia 4500 | ||
|---|---|---|---|
| 005 | 20180118154110.0 | ||
| 008 | 171129s2015 ck gr spa d | ||
| 020 | _a9789588843223 (9a.Ed.) | ||
| 020 | _a9789583358333 (8a.Ed.) | ||
| 040 |
_aCo-BoUCM _bspa _cSaul Niño _dSaul Niño |
||
| 041 | 0 | 0 | _aspa |
| 060 | _aWQ 100 | ||
| 100 | 1 |
_aBotero Uribe, Jaime _989703 |
|
| 245 | 1 | 0 |
_aObstetricia y ginecología _cJaime Botero Uribe, Alfonso Júbiz Hasbún, Guillermo Henao |
| 250 | _aNovena edición | ||
| 260 |
_aColombia _b[Corporación para Investigaciones Biológicas] _c2015 |
||
| 300 |
_axxvii, 879 páginas _bilustraciones |
||
| 650 | 0 | 4 |
_aGinecología _9217 |
| 650 | 0 | 4 |
_aHemorragia uterina _916737 |
| 650 | 0 | 4 |
_aObstetricia _920674 |
| 650 | 0 | 4 |
_aOvarios _920954 |
| 650 | 0 | 4 |
_aParto _921138 |
| 650 | 0 | 4 |
_aÚtero _926036 |
| 700 | 1 |
_aBotero Uribe, Jaime _989703 |
|
| 700 | 1 |
_aHenao, Guillermo _989704 |
|
| 700 | 1 |
_aJúbiz Hasbún, Alfonso _989705 |
|
| 942 |
_cLIBRO _a15 _e9 _mB748og _n0 _2NLM _hWQ 100 |
||
| 999 |
_c308825 _d308825 |
||